|
|
|
|
| LEADER |
00000cam a2200000 a 4500 |
| 001 |
1780 |
| 003 |
Ucuenca |
| 005 |
20240112120618.0 |
| 008 |
996010|1993 ec |||||r|||||||||||spa|| |
| 040 |
|
|
|b spa
|
| 041 |
1 |
|
|a spa
|
| 082 |
0 |
|
|a 577.5
|
| 100 |
1 |
|
|9 121133
|a Morejón, Gustavo
|
| 245 |
|
|
|a Ecología y medio ambiente
|c Gustavo Morejón, Jacquie Fawcet, Pablo Malo, Deidre Platt, Apolo Quinde
|h imp
|
| 264 |
|
|
|a Cuenca
|b Fundación Ecológica Mazan
|c 1993
|
| 300 |
|
|
|a 98 páginas:
|b ilu
|c 22 cm
|
| 505 |
1 |
|
|a Problemas ecológicos -- Ecuador panorama de la situación ambiental -- Soluciones a problemas ambientales -- Agricultura orgánica -- Educación ambiental
|
| 650 |
|
7 |
|a Ecología ambiental
|9 4622
|
| 650 |
|
|
|a Medio ambiente
|9 351
|
| 700 |
1 |
|
|a Fawcet, Jacquie
|9 121134
|
| 700 |
1 |
|
|a Malo, Pablo
|9 121135
|
| 700 |
1 |
|
|a Platt, Deidre
|9 220579
|
| 700 |
1 |
|
|a Quinde Maza, Apolo
|9 142071
|
| 852 |
|
|
|a UC-YANUNCAY
|f Donación
|l 1
|m General
|p 19960102
|q 5,00
|r 2
|t 1780
|b 0
|d CDRY
|e CDRY
|g 577.5 SALA 1 AGROPECUARIAS
|z 1996-60-10
|
| 942 |
|
|
|c BK
|2 ddc
|z diana.leon@ucuenca.edu.ec
|
| 999 |
|
|
|c 71617
|d 71617
|